[Event "HUN-chT2 Charousek 1011"]
[Site "Hungary"]
[Date "2011.05.15"]
[Round "11"]
[White "Sulyok, Sandor"]
[Black "Monda, Laszlo"]
[Result "1/2-1/2"]
[WhiteElo "2291"]
[BlackElo "2149"]
[PlyCount "61"]
[EventDate "2010.09.12"]
[EventType "team-tourn"]
[EventRounds "11"]
[EventCountry "HUN"]
[SourceTitle "EXT 2012"]
[Source "ChessBase"]
[SourceDate "2011.11.24"]
[SourceVersion "1"]
[SourceVersionDate "2011.11.24"]
[SourceQuality "1"]
[WhiteTeam "Balatonfuered"]
[BlackTeam "Tapolca"]
[WhiteTeamCountry "HUN"]
[BlackTeamCountry "HUN"]

1. d4 d5 2. c3 g6 3. Bf4 Nf6 4. Nf3 Bg7 5. e3 0-0 6. Bd3 Nbd7 7. Ne5 Nb6 8. h3 Nfd7 9. Nxd7 Bxd7 10. e4 c6 11. e5 Qc8 12. a4 Bf5 13. a5 Bxd3 14. Qxd3 Nd7 15. b4 f6 16. e6 Nb8 17. Qe2 Na6 18. 0-0 Nc7 19. Re1 Nb5 20. Qd3 g5 21. Bg3 Qe8 22. Na3 Qg6 23. Qd2 Nxa3 24. Rxa3 f5 25. Be5 Rad8 26. Raa1 f4 27. f3 Rf5 28. Bc7 Rc8 29. Be5 Rd8 30. Bc7 Rc8 31. Be5 1/2-1/2

[Event "Balatonalmadi Pannonia Cup 13th"]
[Site "Balatonalmadi"]
[Date "2008.08.03"]
[Round "7"]
[White "Sulyok, Sandor"]
[Black "Zentai, Peter1111"]
[Result "1-0"]
[WhiteElo "2291"]
[BlackElo "2181"]
[PlyCount "133"]
[EventDate "2008.07.30"]
[EventType "swiss"]
[EventRounds "7"]
[EventCountry "HUN"]
[SourceTitle "CBM 125 Extra"]
[Source "ChessBase"]
[SourceDate "2008.09.01"]
[SourceVersion "1"]
[SourceVersionDate "2008.09.01"]
[SourceQuality "1"]

1. c4 Nf6 2. Nc3 e6 3. e4 c5 4. e5 Ng8 5. d4 cxd4 6. Qxd4 Nc6 7. Qe4 d6 8. Nf3 dxe5 9. Nxe5 Nxe5 10. Qxe5 Nf6 11. Bf4 Be7 12. Be2 0-0 13. 0-0 Bd7 14. Rfd1 Qc8 15. Rac1 Bc6 16. Rd3 Nd7 17. Qh5 Nf6 18. Qe5 Nd7 19. Qe3 Nc5 20. Rd2 a5 21. Rcd1 b6 22. Bf3 Ra7 23. Bxc6 Qxc6 24. Nb5 Rd7 25. Rxd7 Nxd7 26. b3 Nf6 27. Nc3 h6 28. Bg3 Rc8 29. h3 Bc5 30. Qd3 Be7 31. Qe2 Rd8 32. Rxd8+ Bxd8 33. Qe5 Ne8 34. Nb5 Qd7 35. Qb8 Kf8 36. Bf4 Ke7 37. Be3 a4 38. Bxb6 Bxb6 39. Qxb6 axb3 40. Qc5+ Kf6 41. axb3 Qd1+ 42. Kh2 Qxb3 43. Nd4 Qb8+ 44. g3 Qe5 45. Qb6 Nd6 46. Nf3 Qe2 47. Qd8+ Kg6 48. Nh4+ Kh7 49. Qxd6 Qxc4 50. Qe5 Qc2 51. Qe3 Kg8 52. Nf3 Qf5 53. Nd4 Qb1 54. g4 Qd1 55. Kg2 Qb1 56. f3 Qb2+ 57. Qf2 Qb7 58. Ne2 Qd5 59. Ng3 Qc6 60. Qd2 Qb7 61. Ne4 Qa7 62. h4 Qa6 63. Qd8+ Kh7 64. Qd7 Qe2+ 65. Nf2 Kg6 66. Qd3+ Qxd3 67. Nxd3 1-0

[Event "HUN-chT2 Breyer 0708"]
[Site "Hungary"]
[Date "2008.05.18"]
[Round "11"]
[White "Sulyok, Sandor"]
[Black "Kovacs, Geza"]
[Result "0-1"]
[WhiteElo "2293"]
[BlackElo "2067"]
[PlyCount "68"]
[EventDate "2007.10.14"]
[EventType "team"]
[EventRounds "11"]
[EventCountry "HUN"]
[SourceTitle "EXT 2009"]
[Source "ChessBase"]
[SourceDate "2008.11.26"]
[SourceVersion "1"]
[SourceVersionDate "2008.11.26"]
[SourceQuality "1"]
[WhiteTeam "Balatonfuered"]
[BlackTeam "Esztergom"]
[WhiteTeamCountry "HUN"]
[BlackTeamCountry "HUN"]

1. d4 Nf6 2. c4 e6 3. Nc3 d5 4. Bf4 c6 5. e3 Bd6 6. Bxd6 Qxd6 7. c5 Qc7 8. f4 b6 9. b4 bxc5 10. bxc5 Qa5 11. Qd2 Ba6 12. Bxa6 Qxa6 13. Nge2 Ne4 14. Nxe4 dxe4 15. Kf2 f5 16. Rhb1 0-0 17. Qb4 Nd7 18. Qb7 Qxb7 19. Rxb7 Nf6 20. Nc3 Rfb8 21. Rab1 Rxb7 22. Rxb7 Ng4+ 23. Ke2 Nxh2 24. Rc7 Rb8 25. Rxc6 Rb2+ 26. Kd1 Ng4 27. Kc1 Rxg2 28. Nd1 Kf7 29. Rc7+ Ke8 30. Rxa7 h5 31. Ra8+ Kd7 32. a4 h4 33. Ra7+ Kc6 34. Rxg7 h3 0-1

[Event "HUN-chT2 Breyer 0708"]
[Site "Hungary"]
[Date "2008.04.27"]
[Round "10"]
[White "Kukel, Imre"]
[Black "Sulyok, Sandor"]
[Result "0-1"]
[WhiteElo "2013"]
[BlackElo "2293"]
[PlyCount "38"]
[EventDate "2007.10.14"]
[EventType "team"]
[EventRounds "11"]
[EventCountry "HUN"]
[SourceTitle "EXT 2009"]
[Source "ChessBase"]
[SourceDate "2008.11.26"]
[SourceVersion "1"]
[SourceVersionDate "2008.11.26"]
[SourceQuality "1"]
[WhiteTeam "Kisber Aszar"]
[BlackTeam "Balatonfuered"]
[WhiteTeamCountry "HUN"]
[BlackTeamCountry "HUN"]

1. d4 d5 2. c4 c6 3. cxd5 cxd5 4. Nf3 Nc6 5. Bf4 Qb6 6. Nc3 Nf6 7. e3 Qxb2 8. Nb5 e5 9. dxe5 Bb4+ 10. Nd2 Ne4 11. Nc7+ Kf8 12. Rb1 Bxd2+ 13. Ke2 Bg4+ 14. f3 Nc3+ 15. Kd3 Bf5+ 16. e4 dxe4+ 17. fxe4 Rd8+ 18. Kc4 Na5+ 19. Kc5 Nxe4# 0-1

[Event "HUN-chT2 Breyer 0708"]
[Site "Hungary"]
[Date "2008.03.30"]
[Round "9"]
[White "Sulyok, Sandor"]
[Black "Barabas, Attila"]
[Result "1-0"]
[WhiteElo "2293"]
[BlackElo "2088"]
[PlyCount "87"]
[EventDate "2007.10.14"]
[EventType "team"]
[EventRounds "11"]
[EventCountry "HUN"]
[SourceTitle "EXT 2009"]
[Source "ChessBase"]
[SourceDate "2008.11.26"]
[SourceVersion "1"]
[SourceVersionDate "2008.11.26"]
[SourceQuality "1"]
[WhiteTeam "Balatonfuered"]
[BlackTeam "Vertesi Eromu"]
[WhiteTeamCountry "HUN"]
[BlackTeamCountry "HUN"]

1. d4 d6 2. c4 Nf6 3. Nc3 Nbd7 4. e4 e5 5. d5 Be7 6. f3 Nf8 7. Bd3 Ng6 8. Nge2 Nh5 9. g3 0-0 10. Be3 Bg5 11. Qd2 Bxe3 12. Qxe3 h6 13. 0-0-0 Qg5 14. Qxg5 hxg5 15. Nb5 Bd7 16. Nbc3 a6 17. Rdf1 Rfe8 18. Nd1 Kf8 19. Ne3 Ke7 20. Nf5+ Kd8 21. Kd2 Bxf5 22. exf5 Ne7 23. h4 gxh4 24. Rxh4 Nf6 25. Nc3 Kd7 26. g4 Rh8 27. Rfh1 Rxh4 28. Rxh4 Rg8 29. g5 Ne8 30. Rh7 Kd8 31. Ke3 Nc8 32. Ne4 Ke7 33. Ng3 f6 34. g6 Nb6 35. Ne4 Nd7 36. b4 Nb6 37. Nc3 Kd7 38. c5 Na8 39. c6+ Kc8 40. a4 Kb8 41. a5 Ka7 42. cxb7 Kxb7 43. b5 Kc8 44. bxa6 1-0

[Event "HUN-chT2 Breyer 0607"]
[Site "Hungary"]
[Date "2006.11.26"]
[Round "2"]
[White "Vass, Lajos"]
[Black "Sulyok, Sandor"]
[Result "0-1"]
[WhiteElo "2155"]
[BlackElo "2289"]
[PlyCount "62"]
[EventDate "2006.11.12"]
[EventType "team"]
[EventRounds "11"]
[EventCountry "HUN"]
[SourceTitle "EXT 2008"]
[Source "ChessBase"]
[SourceDate "2007.11.25"]
[SourceVersion "1"]
[SourceVersionDate "2007.11.25"]
[SourceQuality "1"]
[WhiteTeam "BEAC Rufusz II"]
[BlackTeam "Balatonfuered"]
[WhiteTeamCountry "HUN"]
[BlackTeamCountry "HUN"]

1. e4 c6 2. d4 d5 3. exd5 cxd5 4. c4 Nf6 5. Nc3 Nc6 6. Bg5 dxc4 7. Nf3 Bg4 8. Bxc4 e6 9. Qb3 Bxf3 10. gxf3 Nxd4 11. Bxf6 gxf6 12. Qa4+ Nc6 13. Bb5 Qb6 14. 0-0-0 Be7 15. Kb1 f5 16. Qf4 a6 17. Nd5 exd5 18. Bd3 Bf6 19. Rhe1+ Ne7 20. Rd2 0-0 21. h4 Ng6 22. Qxf5 Bxh4 23. Qh3 Bg5 24. f4 Bxf4 25. Rh1 h6 26. Rc2 Bg5 27. Rg1 Qf6 28. Bf5 Rfe8 29. Rc7 Re5 30. Bd3 Nf4 31. Qf3 Rae8 0-1

[Event "Ajka Borostyan Cup"]
[Site "Ajka"]
[Date "2004.06.28"]
[Round "3"]
[White "Keresztes, Mark"]
[Black "Sulyok, Sandor"]
[Result "0-1"]
[WhiteElo "2095"]
[BlackElo "2303"]
[PlyCount "100"]
[EventDate "2004.06.26"]
[EventType "swiss"]
[EventRounds "9"]
[EventCountry "HUN"]
[SourceTitle "EXT 2008"]
[Source "ChessBase"]
[SourceDate "2007.11.25"]
[SourceVersion "1"]
[SourceVersionDate "2007.11.25"]
[SourceQuality "1"]

1. c4 c6 2. Nf3 d5 3. e3 Nf6 4. b3 Bf5 5. d3 Nbd7 6. Bb2 e6 7. Be2 Qa5+ 8. Nbd2 Nc5 9. Qc2 dxc4 10. bxc4 Rd8 11. Nd4 Bg6 12. N4b3 Qc7 13. e4 Be7 14. 0-0 Qd7 15. Nxc5 Bxc5 16. Nb3 Be7 17. Rad1 0-0 18. Qc3 Qc7 19. f4 h6 20. g4 Ne8 21. f5 Bh7 22. e5 f6 23. fxe6 Qc8 24. d4 Qxe6 25. Qg3 fxe5 26. Rxf8+ Bxf8 27. Qxe5 Qxe5 28. dxe5 Rxd1+ 29. Bxd1 Be4 30. Kf2 c5 31. Nd2 Bc6 32. Bf3 Bxf3 33. Kxf3 Kf7 34. Ke4 Nc7 35. Nf3 Be7 36. Bc1 Ke6 37. Bd2 Bd8 38. Ne1 Na6 39. Nd3 g5 40. a3 b6 41. Nc1 Nb8 42. Ne2 Nc6 43. Bc3 Bc7 44. h3 Bxe5 45. Kd3 Bxc3 46. Kxc3 Ke5 47. Kd3 Nd4 48. Ng3 Kf4 49. Nh5+ Kf3 50. Ng7 Ne2 0-1

[Event "HUN-chT2 Charousek 0304"]
[Site "Hungary"]
[Date "2004.03.21"]
[Round "9"]
[White "Kahn, Evarth"]
[Black "Sulyok, Sandor"]
[Result "1/2-1/2"]
[WhiteElo "2292"]
[BlackElo "2274"]
[PlyCount "49"]
[EventDate "2003.09.28"]
[EventType "team"]
[EventRounds "11"]
[EventCountry "HUN"]
[SourceTitle "EXT 2005"]
[Source "ChessBase"]
[SourceDate "2004.11.15"]
[SourceVersion "1"]
[SourceVersionDate "2004.11.15"]
[SourceQuality "1"]

1. d4 d5 2. c4 c6 3. Nf3 Nf6 4. Nc3 e6 5. Bg5 dxc4 6. e4 b5 7. a4 Bb4 8. e5 h6 9. exf6 hxg5 10. fxg7 Rg8 11. h4 g4 12. h5 Rxg7 13. h6 Rh7 14. Ne5 f5 15. g3 Qd5 16. Rh2 Qe4+ 17. Be2 Nd7 18. Nxd7 Bxd7 19. Qd2 Bxc3 20. bxc3 bxa4 21. Qg5 Kf7 22. Qh5+ Kf6 23. Qh4+ Kf7 24. Qh5+ Kf6 25. Qh4+ 1/2-1/2

[Event "HUN-chT2 Szechenyi 0203"]
[Site "Hungary"]
[Date "2002.12.08"]
[Round "4"]
[White "Bodor, Tamas"]
[Black "Sulyok, Sandor"]
[Result "0-1"]
[WhiteElo "2064"]
[BlackElo "2261"]
[PlyCount "50"]
[EventDate "2002.09.22"]
[EventType "team"]
[EventRounds "11"]
[EventCountry "HUN"]
[SourceTitle "EXT 2009"]
[Source "ChessBase"]
[SourceDate "2008.11.26"]
[SourceVersion "1"]
[SourceVersionDate "2008.11.26"]
[SourceQuality "1"]

1. e4 c6 2. d4 d5 3. exd5 cxd5 4. Nf3 Nf6 5. Be2 Nc6 6. 0-0 Bf5 7. c3 e6 8. Qb3 Qc7 9. Bb5 Bd6 10. Re1 0-0 11. Bxc6 bxc6 12. Ne5 Bxe5 13. dxe5 Nd7 14. f4 Nc5 15. Qd1 Nd3 16. Re2 f6 17. exf6 Rxf6 18. Qf1 Bg4 19. Rc2 Nxc1 20. Rxc1 Rxf4 21. Qd3 Qb6+ 22. Kh1 Qxb2 23. Nd2 Rf2 24. Rab1 Qxd2 25. Qg3 Raf8 0-1

[Event "HUN-chT2 Szechenyi 0203"]
[Site "Hungary"]
[Date "2002.09.22"]
[Round "1"]
[White "Palko, Gabriella"]
[Black "Sulyok, Sandor"]
[Result "0-1"]
[WhiteElo "2100"]
[BlackElo "2261"]
[PlyCount "44"]
[EventDate "2002.09.22"]
[EventType "team"]
[EventRounds "11"]
[EventCountry "HUN"]
[SourceTitle "EXT 2009"]
[Source "ChessBase"]
[SourceDate "2008.11.26"]
[SourceVersion "1"]
[SourceVersionDate "2008.11.26"]
[SourceQuality "1"]

1. d4 d5 2. c4 c6 3. e3 Nf6 4. Nc3 Bf5 5. Nf3 e6 6. Be2 h6 7. h3 Nbd7 8. 0-0 Qc7 9. a3 g5 10. cxd5 exd5 11. Bd3 Be6 12. b4 Be7 13. Bb2 Rg8 14. Qc2 g4 15. hxg4 Bxg4 16. Ne1 Bh3 17. Bf5 Bxf5 18. Qxf5 Rg5 19. Qf3 Bd6 20. e4 Bh2+ 21. Kh1 Rh5 22. g4 Bg1+ 0-1

[Event "HUN-chT3 0102"]
[Site "Hungary"]
[Date "2002.04.21"]
[Round "11"]
[White "Babits, Andras"]
[Black "Sulyok, Sandor"]
[Result "1/2-1/2"]
[WhiteElo "2257"]
[BlackElo "2261"]
[PlyCount "66"]
[EventDate "2001.09.30"]
[EventType "team"]
[EventRounds "11"]
[EventCountry "HUN"]
[SourceTitle "EXT 2004"]
[Source "ChessBase"]
[SourceDate "2003.11.25"]
[SourceVersion "1"]
[SourceVersionDate "2003.11.25"]
[SourceQuality "1"]

1. e4 c6 2. Nc3 d5 3. Qf3 e6 4. d3 Bb4 5. Bd2 d4 6. Nb1 Bxd2+ 7. Nxd2 Ne7 8. Qg3 0-0 9. f4 Qb6 10. Rb1 a5 11. Be2 Qc7 12. Nh3 c5 13. 0-0 Nbc6 14. a3 b5 15. Rbe1 a4 16. Qh4 f6 17. Rf2 Bd7 18. g4 Ng6 19. Qg3 Nce7 20. c4 b4 21. Nb1 Rab8 22. Bd1 Rfc8 23. Qg2 Rb6 24. Ree2 Rcb8 25. Rd2 Rc8 26. f5 Nf8 27. Nf4 e5 28. Nh5 h6 29. h4 Nh7 30. Ng3 Rcb8 31. Nf1 Nc8 32. Nh2 Nd6 33. Nf3 Nf7 1/2-1/2

[Event "HUN-chT3 0102"]
[Site "Hungary"]
[Date "2002.04.07"]
[Round "10"]
[White "Sulyok, Sandor"]
[Black "Farkas, Gyula"]
[Result "0-1"]
[WhiteElo "2261"]
[BlackElo "2235"]
[PlyCount "78"]
[EventDate "2001.09.30"]
[EventType "team"]
[EventRounds "11"]
[EventCountry "HUN"]
[SourceTitle "EXT 2004"]
[Source "ChessBase"]
[SourceDate "2003.11.25"]
[SourceVersion "1"]
[SourceVersionDate "2003.11.25"]
[SourceQuality "1"]

1. d4 d5 2. c4 e6 3. Nc3 Nf6 4. Nf3 Nbd7 5. e3 c6 6. Bd3 dxc4 7. Bxc4 b5 8. Bd3 a6 9. Ne4 c5 10. dxc5 Nxc5 11. Nxc5 Bxc5 12. 0-0 Bb7 13. Qe2 0-0 14. e4 Nd7 15. Bf4 Qf6 16. Bg5 Qg6 17. Qd2 f6 18. Bf4 e5 19. Be3 Rfd8 20. b4 Bxe3 21. Qxe3 Nf8 22. Rfd1 Rac8 23. Nh4 Qe8 24. Qb6 Rd7 25. Nf5 Rc6 26. Qe3 g6 27. Nh6+ Kg7 28. Ng4 h5 29. Nh6 Rc3 30. Rac1 Ra3 31. Rc2 Ne6 32. g4 Nf4 33. Rcd2 Kxh6 34. Qb6 Qd8 35. g5+ Kxg5 36. h4+ Kh6 37. Qc5 Raxd3 38. Rxd3 Nxd3 39. Qe3+ Nf4 0-1

[Event "HUN-chT3 0102"]
[Site "Hungary"]
[Date "2002.02.10"]
[Round "7.2"]
[White "Sulyok, Sandor"]
[Black "Magyar, Andras"]
[Result "0-1"]
[WhiteElo "2261"]
[BlackElo "2150"]
[PlyCount "46"]
[EventDate "2001.09.30"]
[EventType "team"]
[EventRounds "11"]
[EventCountry "HUN"]
[SourceTitle "EXT 2004"]
[Source "ChessBase"]
[SourceDate "2003.11.25"]
[SourceVersion "1"]
[SourceVersionDate "2003.11.25"]
[SourceQuality "1"]

1. d4 Nf6 2. Bg5 c5 3. Bxf6 gxf6 4. d5 d6 5. c4 Bg7 6. Nc3 Nd7 7. e4 Ne5 8. f4 Ng6 9. f5 Ne5 10. Qh5 Bd7 11. Nf3 Qa5 12. Nxe5 fxe5 13. Bd3 Bf6 14. h4 a6 15. Qh6 Rg8 16. 0-0-0 0-0-0 17. Rdg1 Rg3 18. Rh3 Rdg8 19. Rxg3 Rxg3 20. Kc2 b5 21. a3 b4 22. axb4 cxb4 23. Ne2 b3+ 0-1

[Event "HUN-chT3 0102"]
[Site "Hungary"]
[Date "2002.01.27"]
[Round "6"]
[White "Szabo, Laszlo4444"]
[Black "Sulyok, Sandor"]
[Result "1/2-1/2"]
[WhiteElo "2055"]
[BlackElo "2261"]
[PlyCount "83"]
[EventDate "2001.09.30"]
[EventType "team"]
[EventRounds "11"]
[EventCountry "HUN"]
[SourceTitle "EXT 2004"]
[Source "ChessBase"]
[SourceDate "2003.11.25"]
[SourceVersion "1"]
[SourceVersionDate "2003.11.25"]
[SourceQuality "1"]

1. e4 c6 2. d4 d5 3. exd5 cxd5 4. c4 Nf6 5. Nc3 e6 6. Nf3 Be7 7. cxd5 Nxd5 8. Bd3 Nc6 9. 0-0 0-0 10. Re1 Re8 11. a3 g6 12. Bc2 b6 13. Nxd5 exd5 14. Ne5 Nxe5 15. Rxe5 Bf6 16. Rxe8+ Qxe8 17. Be3 Be6 18. Bd3 a5 19. Rc1 Rc8 20. Rc2 Rxc2 21. Qxc2 Qc8 22. Qxc8+ Bxc8 23. b4 axb4 24. axb4 Kf8 25. Kf1 Ke7 26. Ke2 Bd7 27. b5 Ke6 28. g4 Ke7 29. f3 Bg7 30. Bf2 Ke6 31. Ke3 Bh6+ 32. f4 f6 33. Kf3 Kf7 34. Bg3 f5 35. gxf5 gxf5 36. Bh4 Bg7 37. Ke3 Bf6 38. Bxf6 Kxf6 39. Kf3 Be8 40. Kf2 Kg6 41. Be2 Kh6 42. Kg3 1/2-1/2

[Event "HUN-chT3 0001"]
[Site "Hungary"]
[Date "2001.04.08"]
[Round "10.1"]
[White "Sulyok, Sandor"]
[Black "Oltean, Gusztav"]
[Result "1/2-1/2"]
[WhiteElo "2261"]
[BlackElo "2212"]
[PlyCount "21"]
[EventDate "2000.10.29"]
[EventType "team"]
[EventRounds "11"]
[EventCountry "HUN"]
[SourceTitle "EXT 2007"]
[Source "ChessBase"]
[SourceDate "2006.11.23"]
[SourceVersion "1"]
[SourceVersionDate "2006.11.23"]
[SourceQuality "1"]

1. d4 Nf6 2. c4 c5 3. d5 b5 4. cxb5 a6 5. Qc2 e6 6. dxe6 fxe6 7. e4 Bb7 8. Nc3 axb5 9. Bxb5 Nc6 10. Bxc6 Bxc6 11. Bg5 1/2-1/2